TV Debuts: 2015 Quiz Stats

Quiz Updated Oct 19, 2017

Also try: TV Debuts: 2014
Challenge
Share
Tweet
Score 0/20 Timer 06:00
2 Plays Today
Hint Answer % Correct
Supergirl
86.9%
Better Call Saul
69.8%
Unbreakable Kimmy Schmidt
67.6%
Empire
63.2%
Mr. Robot
62.4%
The Last Man on Earth
59.5%
Scream Queens
59.2%
Jessica Jones
58.9%
Fresh Off the Boat
57.5%
Narcos
51.8%
Hint Answer % Correct
Superstore
49.9%
Daredevil
45.6%
The Late Late Show with James Corden
44.2%
iZombie
42.5%
Grace and Frankie
32.6%
Code Black
24%
Crazy Ex-Girlfriend
23.4%
Fear the Walking Dead
22.5%
Wet Hot American Summer: First Day of Camp
17.4%
12 Monkeys
2.9%

You're not logged in!

Compare scores with friends on all Sporcle quizzes.
Sign Up with Email
OR
Log In

You Might Also Like...

Show Comments

Extras

Top Quizzes Today


Score Distribution

Your Account Isn't Verified!

In order to create a playlist on Sporcle, you need to verify the email address you used during registration. Go to your Sporcle Settings to finish the process.